5 truyện hay nhất: Ván cờ kỳ lạ, 24 giờ trong đời một người đàn bà, Menđen, người bán sách củ, Amok hay là bệnh điên xư Malaixia

में बचाया:
ग्रंथसूची विवरण
मुख्य लेखक: Stefan Zweig
स्वरूप: पुस्तक
भाषा:Undetermined
प्रकाशित: Hà Nội Hội Nhà văn 2006
विषय:
टैग : टैग जोड़ें
कोई टैग नहीं, इस रिकॉर्ड को टैग करने वाले पहले व्यक्ति बनें!
Thư viện lưu trữ: Trung tâm Học liệu Trường Đại học Cần Thơ
LEADER 00699nam a2200217Ia 4500
001 CTU_101575
008 210402s9999 xx 000 0 und d
020 |c 43000 
082 |a 850.301 
082 |b Z.97 
100 |a Stefan Zweig 
245 0 |a 5 truyện hay nhất: 
245 0 |b Ván cờ kỳ lạ, 24 giờ trong đời một người đàn bà, Menđen, người bán sách củ, Amok hay là bệnh điên xư Malaixia 
245 0 |c Stefan Zweig 
260 |a Hà Nội 
260 |b Hội Nhà văn 
260 |c 2006 
650 |a literature 
650 |z Italian 
904 |i Hiếu 
980 |a Trung tâm Học liệu Trường Đại học Cần Thơ